Statistics for Nashville... or Memphis?

Click here to take the quiz!

General Stats

  • This quiz has been taken 9,470 times
  • The average score is 11 of 15

Answer Stats

QuestionAnswer% Correct
Is named for a city in ancient EgyptMemphis
97%
Is majority African-AmericanMemphis
89%
Martin Luther King Jr. died thereMemphis
85%
Is the state capitalNashville
85%
Is home to the Grand Ole OpryNashville
84%
Is located on the Mississippi RiverMemphis
79%
Elvis lived thereMemphis
79%
Has an NBA teamMemphis
77%
Vanderbilt University is thereNashville
76%
Andrew Jackson's estate, The Hermitage, is located nearbyNashville
75%
Has the higher population (since 2017)Nashville
68%
Is closer to the geographic center of the United StatesMemphis
66%
Is home to Beale StreetMemphis
65%
Has been called "The Athens of the South"Nashville
54%
Movies set in the city include "The Silence of the Lambs", "The Firm", and "The Blind Side"Memphis
50%

Score Distribution

Percentile by Number Answered

Percent of People with Each Score

Your Score History

You have not taken this quiz